Le 20 città più popolose degli Usa - Statistics

Statistiche generali
  • Questo quiz è stato fatto 491 volte
  • Il punteggio medio è 11 su 20
Statistiche sulle risposte
POSIZIONE (STATO) CITTA' % Corretto
1 (Omonimo della città) New York
99%
2 (California) Los Angeles
97%
3 (Illinois) Chicago
90%
14 (California) San Francisco
89%
9 (Texas) Dallas
75%
8 (California) San Diego
75%
4 (Texas) Houston
71%
5 (Arizona) Phoenix
59%
11 (Texas) Austin
58%
18 (Michigan) Detroit
55%
13 (Indiana) Indianapolis
54%
7 (Texas) San Antonio
49%
6 (Pennsylvania) Filadelfia
41%
17 (Carolina del Nord) Charlotte
30%
20 (Tennessee) Memphis
29%
10 (California) San Jose
29%
19 (Texas) El Paso
27%
12 (Florida) Jacksonville
27%
15 (Ohio) Columbus
26%
16 (Texas) Fort Worth
16%
Nessun quiz corrispondente trovato
Distribuzione punteggi
Percentuale di utenti per punteggio
Percentile per numero di risposta
I tuoi punteggi nel tempo
Non hai fatto questo quiz